Представление документа в формате RUSMARC

ПолеНазваниеЗначение
  Тип записи a
  Библиографический уровень c
001 Контрольный номер RU/SLIB/B/208771694
005 Дата корректировки 20201206204305.0
010 Индекс ISBN __
d Цена 1-20
101 Язык документа __
a Язык текста rus
c Язык оригинала rus
200 Заглавие и сведения об ответственности __
a Заглавие Русская фантастическая повесть эпохи романтизма
f Первые сведения об ответственности сост. и послесл. В. И. Коровина
b Общее обозначение материала Текст
210 Выходные данные __
a Место издания М.
c Издательство Совет. Россия
d Дата издания 1987
215 Физическое описание __
a Объем 362 с.
327 Примечание о содержании __
a Примечание о содержании Лафертовская маковница / А. Погорельский
606 Тематические рубрики __
a Основная рубрика Художественная литература
z Хронологическая подрубрика 19 в. нач.
y Географическая подрубрика Россия
606 Тематические рубрики __
a Основная рубрика Русская литература XIX в. (произведения)
610 Ключевые слова __
a Ключевые слова писатели; прозаики; проза; повести; рассказы; фантастика; романтизм; фантастические повести; суеверия; мистика
686 Индексы других классификаций __
a Классификационный индекс 84(2Рос=Рус)1-4; ст84(2Рос=Рус)1-4
701 Альтернативная интеллектуальная ответственность _1
a Фамилия Пушкин
b Имя А. С.
4 Код отношения 070
702 Вторичная интеллектуальная ответственность _1
a Фамилия Коровин
b Имя В. И.
4 Код отношения Составитель
4 Код отношения 220
702 Вторичная интеллектуальная ответственность _1
a Фамилия Погорельский
b Имя А.
4 Код отношения Автор
4 Код отношения 070
702 Вторичная интеллектуальная ответственность _1
a Фамилия Бестужев-Марлинский
b Имя А.
4 Код отношения Автор
4 Код отношения 070
702 Вторичная интеллектуальная ответственность _1
a Фамилия Сомова
b Имя О.
4 Код отношения Автор
4 Код отношения 070
702 Вторичная интеллектуальная ответственность _1
a Фамилия Загоскин
b Имя М.
4 Код отношения Автор
4 Код отношения 070
702 Вторичная интеллектуальная ответственность _1
a Фамилия Одоевский
b Имя В.
4 Код отношения Автор
4 Код отношения 070
702 Вторичная интеллектуальная ответственность _1
a Фамилия Лермонтов
b Имя М. Ю.
4 Код отношения Автор
4 Код отношения 070
702 Вторичная интеллектуальная ответственность _1
a Фамилия Гоголь
b Имя Н. В.
4 Код отношения Автор
4 Код отношения 070
702 Вторичная интеллектуальная ответственность _1
a Фамилия Баратынский
b Имя Е.
4 Код отношения Автор
4 Код отношения 070
801 Источник записи _0
a Страна RU
b Организация Муниципальное бюджетное учреждение культуры "Централизованная библиотечная система" г. Сургут (Центральная городская библиотека им. А. С. Пушкина)
g Правила каталогизации КиК/Елгина
801 Источник записи _1
a Страна RU
b Организация Муниципальное бюджетное учреждение культуры "Централизованная библиотечная система" г. Сургут (Центральная городская библиотека им. А. С. Пушкина)
g Правила каталогизации КиК/Елгина
852 Данные о местонахождении __
j Шифр хранения 84(2Рос=Рус)1-4
c Каталожный индекс 84(2Рос=Рус)1-4
i Авторский знак Р 89
p Инвентарный номер 33299
901 Тип документа 1_
t Тип документа x
969 Тип издания __
a Тип издания сборник
990 Данные о заказе (DOS) __
j Количество экземпляров (DOS) 4
t N записи в КСУ для И/У (DOS) ретро